Brit tisztek önéletírásai a 19. század második felében [absztrakt] /

Elmentve itt :
Bibliográfiai részletek
Szerző: Janssens Adrián Joshua
Testületi szerző: Szegedi Történészhallgatók Egyesületének konferenciája (7.)
Dokumentumtípus: Könyv része
Megjelent: Belvedere Meridionale Szeged 2025
Sorozat:Szegedi Történészhallgatók Egyesületének Konferenciái 7
Kulcsszavak:Hadtörténet - Dél-Afrika - 19. sz. - forrás - előadáskivonat
Tárgyszavak:
Online Access:http://acta.bibl.u-szeged.hu/88111
LEADER 00975naa a2200217 i 4500
001 acta88111
005 20250612133417.0
008 250612s2025 hu o 100 hun d
020 |a 978-615-6913-11-1 
040 |a SZTE Egyetemi Kiadványok Repozitórium  |b hun 
041 |a hun 
100 1 |a Janssens Adrián Joshua 
245 1 0 |a Brit tisztek önéletírásai a 19. század második felében   |h [elektronikus dokumentum] :  |b [absztrakt] /  |c  Janssens Adrián Joshua 
260 |a Belvedere Meridionale  |b Szeged  |c 2025 
300 |a 16 
490 0 |a Szegedi Történészhallgatók Egyesületének Konferenciái  |v 7 
650 4 |a Bölcsészettudományok 
650 4 |a Történettudomány és régészet 
695 |a Hadtörténet - Dél-Afrika - 19. sz. - forrás - előadáskivonat 
711 |a Szegedi Történészhallgatók Egyesületének konferenciája (7.)  |c Szeged  |d 2025. május 8. 
856 4 0 |u http://acta.bibl.u-szeged.hu/88111/1/SZETE_absztraktkotet_007_016.pdf  |z Dokumentum-elérés